Karol Marx, materialistické chápanie dejín a súčasná teória medzinárodných vzťahov

Význam marxizmu pre poznávanie aktuálneho spoločenského diania. Materialistické chápanie dejín. Vybrané otázky vývoja a súčasného stavu marxistickej teórie medzinárodných vzťahov. Stručne o vybraných problémoch súčasných medzinárodných vzťahov z pohľadu marxizmu.

Gespeichert in:
Bibliographische Detailangaben
1. Verfasser: Škvrnda, František
Format: Buchkapitel
Sprache:Slowakisch
Schlagworte:
Tags: Tag hinzufügen
Keine Tags, Fügen Sie das erste Tag hinzu!

MARC

LEADER 00000naa$a2200000$$$4500
001 0113814
005 20240610132142.0
041 0 |a slo 
044 |a SK 
245 1 0 |a Karol Marx, materialistické chápanie dejín a súčasná teória medzinárodných vzťahov  |c František Škvrnda 
520 |a Význam marxizmu pre poznávanie aktuálneho spoločenského diania. Materialistické chápanie dejín. Vybrané otázky vývoja a súčasného stavu marxistickej teórie medzinárodných vzťahov. Stručne o vybraných problémoch súčasných medzinárodných vzťahov z pohľadu marxizmu. 
610 2 0 |a vzťahy medzinárodné 
610 2 0 |a politika medzinárodná 
610 2 0 |a ideológia 
610 2 0 |a filozofia 
610 2 0 |a história 
610 2 0 |a vývoj 
610 2 0 |a materializmus 
100 1 |a Škvrnda, František